[Event "C.to Europeo U16 femminile"]
[Site "Fermo ITA"]
[Date "2009.09.06"]
[Round "6"]
[White "Yashchenko, Olena"]
[Black "Narva, Triin"]
[Result "0-1"]
[WhiteElo "1645"]
[BlackElo "1865"]
[PlyCount "112"]
[EventDate "2009.08.31"]

1. d4 Nf6 2. c4 e5 3. d5 Bc5 4. Nc3 d6 5. e4 Ng4 6. Nh3 O-O 7. Be2 h5 8. O-O f5
9. Ng5 f4 10. Nf3 g5 11. Na4 Bxf2+ 12. Rxf2 Nxf2 13. Kxf2 g4 14. Ne1 Qh4+ 15.
Kg1 Rf7 16. Bf1 f3 17. gxf3 gxf3 18. Nxf3 Qg4+ 19. Bg2 h4 20. h3 Qg3 21. Qe1
Rxf3 22. Qxg3+ Rxg3 23. Kh2 Bd7 24. b3 Na6 25. Bd2 Rf8 26. Be1 Re3 27. Bxh4 Kh7
28. Nb2 Re2 29. Nd3 Kg6 30. a3 Rh8 31. Bf2 Rd2 32. Rg1 Rxd3 33. Bf1+ Kf6 34.
Bxd3 Rxh3+ 35. Kg2 Rxd3 36. Bh4+ Kf7 37. Rf1+ Kg7 38. Rf3 Rd2+ 39. Kg1 Nc5 40.
Bd8 c6 41. Re3 Rd4 42. Bc7 Nxe4 43. Bb8 a6 44. Ba7 Rd1+ 45. Kg2 cxd5 46. cxd5
Rd2+ 47. Kf1 Bf5 48. Rf3 Rxd5 49. Ke1 Kg6 50. Re3 Kg5 51. Re2 Kf4 52. Rc2 Rd3
53. b4 Bg4 54. Kf1 Bf3 55. Bf2 Rd1+ 56. Be1 Ke3 0-1

[Event "C.to Europeo U16 femminile"]
[Site "Fermo ITA"]
[Date "2009.09.07"]
[Round "7"]
[White "Abdulla, Khayala Mardan Qizi"]
[Black "Arabidze, Meri"]
[Result "0-1"]
[WhiteElo "2113"]
[BlackElo "2217"]
[PlyCount "86"]
[EventDate "2009.08.31"]

1. d4 Nf6 2. c4 e6 3. Nf3 b6 4. g3 Ba6 5. b3 Bb4+ 6. Bd2 Be7 7. Bg2 c6 8. Bc3
d5 9. Nbd2 O-O 10. O-O Nbd7 11. Re1 Rc8 12. e4 dxe4 13. Nxe4 Nxe4 14. Rxe4 b5
15. Bf1 bxc4 16. bxc4 c5 17. Ne5 Bb7 18. Re3 Nf6 19. Bh3 Qc7 20. d5 exd5 21.
Bxc8 Rxc8 22. Qe1 d4 23. Ba5 Qd6 24. Rb3 Ba8 25. Qe2 Re8 26. f4 Bf8 27. Qf1 Qa6
28. Bd2 Ne4 29. Be1 f6 30. Nf3 Qc6 31. h3 Bd6 32. Kh2 g5 33. f5 h5 34. Kg1 Nxg3
35. Bxg3 Bxg3 36. Qg2 h4 37. Rf1 Qe4 38. Ne1 Qe5 39. Nf3 Qe4 40. Ne1 Qxg2+ 41.
Nxg2 Re2 42. Rbf3 Bxf3 43. Rxf3 Rxa2 0-1

[Event "C.to Europeo U16 femminile"]
[Site "Fermo ITA"]
[Date "2009.09.07"]
[Round "7"]
[White "Adamowicz, Katarzyna"]
[Black "Schut, Lisa"]
[Result "1/2-1/2"]
[WhiteElo "2121"]
[BlackElo "2212"]
[PlyCount "165"]
[EventDate "2009.08.31"]

1. e4 c5 2. Nf3 d6 3. d4 cxd4 4. Qxd4 a6 5. c4 Nc6 6. Qd2 Nf6 7. Nc3 Bg4 8. Be2
Bxf3 9. Bxf3 g6 10. b3 Bg7 11. Bb2 O-O 12. O-O Nd7 13. Nd5 Bxb2 14. Qxb2 e5 15.
Rad1 Nd4 16. Rxd4 exd4 17. Qxd4 Qg5 18. g3 Qe5 19. Qd3 Nc5 20. Qc2 Kg7 21. b4
Ne6 22. Bg2 b5 23. Qe2 f5 24. cxb5 axb5 25. Qc2 fxe4 26. Bxe4 Rac8 27. Qb1 Ng5
28. Bg2 Nf3+ 29. Bxf3 Rxf3 30. Nf4 Re8 31. Qd1 Rc3 32. Nd5 Rc4 33. Nf4 Rd4 34.
Qb3 Re4 35. Nd3 Qd4 36. Rc1 R8e7 37. Rc8 Rf7 38. Qc2 Ree7 39. a3 Qa1+ 40. Qc1
Qxc1+ 41. Rxc1 Rc7 42. Rd1 Rc3 43. Nf4 Rc6 44. Ne6+ Kf6 45. Nd8 Rfc7 46. Nxc6
Rxc6 47. Rd5 Rb6 48. Kg2 Ke6 49. Rd3 d5 50. Kf3 Rc6 51. Ke3 Rc2 52. h4 Ke5 53.
f4+ Kd6 54. Kf3 h5 55. g4 hxg4+ 56. Kxg4 Rg2+ 57. Kf3 Rh2 58. Kg3 Ra2 59. Kh3
Rf2 60. Rg3 Rxf4 61. Rxg6+ Ke5 62. Kg3 Rf1 63. Rb6 Ra1 64. Rxb5 Rxa3+ 65. Kg4
Ra1 66. Rb8 Rg1+ 67. Kf3 d4 68. b5 d3 69. Ke3 Rg3+ 70. Kd2 Kd4 71. Rd8+ Kc4 72.
b6 Rg2+ 73. Ke3 Re2+ 74. Kf3 Rb2 75. Rb8 Kc5 76. Ke3 Rh2 77. b7 Kb6 78. Rh8
Rh3+ 79. Kd2 Kxb7 80. h5 Kc7 81. h6 Kb7 82. h7 Ka7 83. Rd8 1/2-1/2

[Event "C.to Europeo U16 femminile"]
[Site "Fermo ITA"]
[Date "2009.09.07"]
[Round "7"]
[White "Arnatskaya, Zoya"]
[Black "Warmelink, Evie"]
[Result "1/2-1/2"]
[WhiteElo "1847"]
[BlackElo "1921"]
[PlyCount "105"]
[EventDate "2009.08.31"]

1. e4 c5 2. Nf3 d6 3. d4 cxd4 4. Nxd4 Nf6 5. Nc3 e6 6. Be2 Be7 7. O-O O-O 8.
Be3 Nc6 9. f4 Bd7 10. Qe1 Nxd4 11. Bxd4 Bc6 12. Bd3 Nd7 13. Qg3 e5 14. Be3 exf4
15. Rxf4 Ne5 16. Bd4 Bf6 17. Raf1 Nf3+ 18. Qxf3 Bxd4+ 19. Kh1 Qc7 20. Bc4 Be8
21. Bb3 Bxc3 22. bxc3 Rc8 23. Qh5 Qe7 24. R1f3 Rc5 25. Qh3 h6 26. Rg3 Rg5 27.
Qh4 Qe5 28. Rgf3 Rh5 29. Qf2 Kh7 30. g4 Rg5 31. Qxa7 h5 32. Qd4 hxg4 33. Qxe5
dxe5 34. Rf5 Rxf5 35. Rxf5 f6 36. Bd5 b6 37. Rf1 Bd7 38. Rb1 b5 39. c4 bxc4 40.
Bxc4 Rc8 41. Bd3 Ra8 42. Bc4 Rc8 43. Bd3 Bc6 44. Kg1 Kg6 45. Kf2 Kg5 46. Kg3
Ra8 47. Rb6 Be8 48. Bc4 g6 49. Bd5 Ra4 50. Rb8 Bd7 51. Rb7 Bc8 52. Rb8 Bd7 53.
Rb7 1/2-1/2

[Event "C.to Europeo U16 femminile"]
[Site "Fermo ITA"]
[Date "2009.09.07"]
[Round "7"]
[White "Bluebaum, Johanna"]
[Black "Fransson, Angelina"]
[Result "0-1"]
[WhiteElo "2008"]
[BlackElo "1844"]
[PlyCount "42"]
[EventDate "2009.08.31"]

1. d4 Nf6 2. c4 g6 3. Nc3 Bg7 4. e4 d6 5. Nf3 O-O 6. Be2 e5 7. Be3 Ng4 8. Bg5
f6 9. Bc1 f5 10. Bg5 Qe8 11. dxe5 Nxe5 12. Nxe5 Bxe5 13. exf5 Bxf5 14. O-O Nc6
15. Bf3 Be6 16. Nd5 Qd7 17. Qd2 Rxf3 18. gxf3 Nd4 19. Ne7+ Qxe7 20. Qe3 Qxg5+
21. Qxg5 Nxf3+ 0-1

[Event "C.to Europeo U16 femminile"]
[Site "Fermo ITA"]
[Date "2009.09.07"]
[Round "7"]
[White "Bochis, Julia"]
[Black "Krumova, Ani"]
[Result "1-0"]
[WhiteElo "2053"]
[BlackElo "1904"]
[PlyCount "46"]
[EventDate "2009.08.31"]

1. e4 Nc6 2. d4 d5 3. e5 Bf5 4. Nf3 e6 5. Be2 f6 6. Bf4 Qd7 7. Nc3 Bb4 8. a3
Be7 9. Qd2 h6 10. h4 O-O-O 11. O-O-O fxe5 12. Nxe5 Nxe5 13. Bxe5 Bd6 14. Nb5
Kb8 15. g4 Bxe5 16. dxe5 Be4 17. Rh3 Ne7 18. Rb3 Nc8 19. a4 Rhf8 20. f3 Bg6 21.
a5 a6 22. Na3 Qc6 23. Qb4 Ka8 1-0

[Event "C.to Europeo U16 femminile"]
[Site "Fermo ITA"]
[Date "2009.09.07"]
[Round "7"]
[White "Brunello, Marina"]
[Black "Purgar, Ivona"]
[Result "1/2-1/2"]
[WhiteElo "2159"]
[BlackElo "2079"]
[PlyCount "125"]
[EventDate "2009.08.31"]

1. e4 c5 2. Nf3 e6 3. c3 Nf6 4. e5 Nd5 5. d4 cxd4 6. cxd4 Nc6 7. Bc4 d6 8. O-O
Be7 9. exd6 Qxd6 10. Nc3 Nxc3 11. bxc3 O-O 12. Re1 b6 13. Ng5 Bxg5 14. Bxg5 Na5
15. Bd3 Bb7 16. Qh5 f5 17. Re3 g6 18. Qh6 Rac8 19. Bf4 Qd7 20. Rg3 Qg7 21. Qh3
Qf7 22. Be2 Bd5 23. Bh5 Nc6 24. a3 Rfd8 25. Qh4 Rd7 26. Re1 Kf8 27. Be2 Na5 28.
Be5 Nc4 29. Bxc4 Rxc4 30. Qf4 Ke8 31. h4 Kd8 32. h5 Kc8 33. hxg6 hxg6 34. Qh6
Kb7 35. Rxg6 Rxc3 36. Qg5 Qh7 37. Rg8 Ka6 38. Rh8 Qe7 39. Qd2 Rc4 40. Qb2 Rd8
41. Rh2 Rdc8 42. Rb1 Be4 43. Re1 Rc2 44. Qa1 Qg5 45. Qd1 R8c4 46. Rf1 Rc1 47.
Qe2 Rxf1+ 48. Qxf1 Qc1 49. Rh6 Qxf1+ 50. Kxf1 Rc1+ 51. Ke2 Rc2+ 52. Ke3 Rc3+
53. Kf4 Bxg2 54. Rxe6 Rxa3 55. Re7 Rf3+ 56. Kg5 Rxf2 57. Bf4 Be4 58. Bb8 Kb5
59. Bxa7 Rd2 60. Re6 Rxd4 61. Rxb6+ Ka5 62. Ra6+ Kxa6 63. Bxd4 1/2-1/2

[Event "C.to Europeo U16 femminile"]
[Site "Fermo ITA"]
[Date "2009.09.07"]
[Round "7"]
[White "Casolino, Rosamaria"]
[Black "Polin, Giulia"]
[Result "0-1"]
[WhiteElo "1826"]
[BlackElo "1711"]
[PlyCount "162"]
[EventDate "2009.08.31"]

1. d4 d5 2. c4 e6 3. Nc3 c6 4. Nf3 dxc4 5. a4 Bb4 6. Bd2 Nf6 7. Qc2 O-O 8. e4
b5 9. Be2 Bb7 10. O-O a6 11. Bg5 h6 12. Bh4 Be7 13. e5 Nd5 14. Bxe7 Qxe7 15.
Ne4 Nd7 16. Nd6 N7b6 17. a5 Nc8 18. Ne4 Qc7 19. h3 Nce7 20. Qd2 Ng6 21. g3 Rfd8
22. Nd6 c5 23. dxc5 Rab8 24. Qd4 Nb4 25. Rfc1 Bd5 26. h4 Nc6 27. Qe3 Bxf3 28.
Bxf3 Ncxe5 29. h5 Nxf3+ 30. Qxf3 Ne5 31. Qe3 Nd3 32. Rc2 Nxc5 33. Nxc4 Rd3 34.
Qe5 Qxe5 35. Nxe5 Rd5 36. Nc6 Rb7 37. g4 Nb3 38. Ra3 Nd4 39. Nxd4 Rxd4 40. f3
Rbd7 41. Rac3 Rd1+ 42. Kf2 Kf8 43. Rc6 R1d6 44. Kg3 Ke7 45. R2c3 Rxc6 46. Rxc6
Rd6 47. Rc7+ Kf6 48. Rc3 b4 49. Rc4 Rd5 50. Rxb4 Rxa5 51. Rb6 Ke5 52. Rb7 Kf6
53. Rb6 g6 54. hxg6 fxg6 55. Rb8 e5 56. Kh4 Rb5 57. Rc8 a5 58. Rc6+ Kf7 59.
Rc7+ Ke8 60. Ra7 Kd8 61. Ra6 Ke7 62. Ra7+ Kd6 63. Ra6+ Kc5 64. Re6 Rxb2 65.
Rxe5+ Kb4 66. Re6 g5+ 67. Kg3 a4 68. Rb6+ Kc3 69. Ra6 Rb4 70. Rxh6 a3 71. Ra6
Kb2 72. Re6 a2 73. Re2+ Ka3 74. Re3+ Rb3 75. Re1 Rb1 76. Re3+ Kb4 77. Re4+ Kc3
78. Ra4 a1=Q 79. Rxa1 Rxa1 80. f4 Rg1+ 81. Kf3 Rf1+ 0-1

[Event "C.to Europeo U16 femminile"]
[Site "Fermo ITA"]
[Date "2009.09.07"]
[Round "7"]
[White "Danelia, Mariam"]
[Black "Collado Barbas, Laura"]
[Result "1-0"]
[WhiteElo "2151"]
[BlackElo "2055"]
[PlyCount "93"]
[EventDate "2009.08.31"]

1. d4 d5 2. c4 e6 3. Nf3 c6 4. Qc2 dxc4 5. Qxc4 Nf6 6. Bg5 b5 7. Qc2 Bb7 8. e3
Nbd7 9. Bd3 Qb6 10. Qe2 a6 11. a4 Rc8 12. O-O Be7 13. Nbd2 O-O 14. e4 Rfe8 15.
e5 Nd5 16. Bxe7 Nxe7 17. a5 Qa7 18. b4 Nf8 19. Ne4 Nf5 20. Nc5 Rcd8 21. Qe4 Rd5
22. g4 Ne7 23. Qe3 Rdd8 24. Ng5 h6 25. Nge4 Nd5 26. Qd2 Bc8 27. Rab1 Qe7 28.
Nd6 Rxd6 29. exd6 Qxd6 30. f4 Nf6 31. Be2 e5 32. fxe5 Rxe5 33. Qf4 Rd5 34. Qxd6
Rxd6 35. h3 Rxd4 36. Bf3 Nd5 37. Bxd5 Rxd5 38. Rbd1 Nd7 39. Nxd7 Rxd7 40. Rxd7
Bxd7 41. Rd1 Be8 42. Rd8 Kf8 43. Ra8 Ke7 44. Rxa6 Kd6 45. Ra8 Bd7 46. a6 c5 47.
Rd8 1-0

[Event "C.to Europeo U16 femminile"]
[Site "Fermo ITA"]
[Date "2009.09.07"]
[Round "7"]
[White "Dugnaite, Gerda"]
[Black "Cavalli, Benedetta"]
[Result "1-0"]
[WhiteElo "1643"]
[BlackElo "1521"]
[PlyCount "83"]
[EventDate "2009.08.31"]

1. e4 e5 2. Nf3 Nc6 3. Bb5 Nf6 4. Qe2 d6 5. c3 a6 6. Ba4 b5 7. Bc2 Bg4 8. O-O
Nh5 9. d3 Qf6 10. a4 b4 11. h3 Bxf3 12. Qxf3 Qxf3 13. gxf3 bxc3 14. bxc3 g6 15.
Na3 Bg7 16. Nc4 O-O 17. Kh2 Kh8 18. Rb1 Rab8 19. Bd2 f5 20. Rxb8 Rxb8 21. Rb1
Rf8 22. Kg2 fxe4 23. fxe4 Nf4+ 24. Bxf4 Rxf4 25. Rb7 Rf7 26. Nxd6 Rd7 27. Ne8
Bf8 28. Rxc7 Rxc7 29. Nxc7 a5 30. Ne6 Bd6 31. d4 exd4 32. cxd4 Bb4 33. d5 Ne5
34. f4 Nc4 35. Kf2 Kg8 36. e5 Kf7 37. Ng5+ Kg7 38. d6 Nb6 39. Bb3 h6 40. Ne4
Kf8 41. e6 Ke8 42. Nf6+ 1-0

[Event "C.to Europeo U16 femminile"]
[Site "Fermo ITA"]
[Date "2009.09.07"]
[Round "7"]
[White "Froewis, Annika"]
[Black "Hughes, Rhian"]
[Result "0-1"]
[WhiteElo "1933"]
[BlackElo "1850"]
[PlyCount "134"]
[EventDate "2009.08.31"]

1. e4 d5 2. exd5 Qxd5 3. Nc3 Qa5 4. d4 Nf6 5. Nf3 c6 6. Bc4 Bf5 7. Bd2 e6 8.
Nd5 Qd8 9. Nxf6+ gxf6 10. Bb3 Nd7 11. Qe2 Qc7 12. O-O-O O-O-O 13. Nh4 Bg6 14.
Nxg6 hxg6 15. h4 Bd6 16. Qf3 c5 17. dxc5 Nxc5 18. Qxf6 Be5 19. Qf3 Nd3+ 20. Kb1
Nxb2 21. Rde1 Rxd2 22. Qe3 Bc3 23. Rh3 Nd1 24. Qxa7 Qa5 25. Qxa5 Bxa5 26. Rf3
Nxf2 27. Rxf7 Bc3 28. Bxe6+ Kb8 29. Rf3 Ne4 30. a3 Rd4 31. Rxe4 Rxe4 32. Bf7
Be5 33. Bxg6 Rexh4 34. Bf5 R8h6 35. Kc1 Rd6 36. Rf1 Ra6 37. Kd2 Rxa3 38. Bd3
Rg4 39. Rf2 Bc3+ 40. Ke2 Bd4 41. Rf8+ Ka7 42. Kf3 Rg7 43. Rf4 Be5 44. Rf5 Bc7
45. Kf2 Ra5 46. Rf6 Bb6+ 47. Kf3 Rag5 48. Bf1 Rg3+ 49. Ke2 R7g6 50. Rf5 Kb8 51.
Rf7 Rg7 52. Rf6 R3g6 53. Rf5 Kc7 54. Kf3 Kd6 55. Ke2 Bc5 56. Kf3 b6 57. Rf4
Rg3+ 58. Ke2 Ke5 59. Rh4 Rc3 60. Kd2 Rcg3 61. Ke2 b5 62. Kd2 b4 63. Ke2 R3g4
64. Rh5+ Kd4 65. Kd2 Be7 66. Rb5 Rxg2+ 67. Bxg2 Rxg2+ 0-1

[Event "C.to Europeo U16 femminile"]
[Site "Fermo ITA"]
[Date "2009.09.07"]
[Round "7"]
[White "Gijsen, Michelle"]
[Black "Nieto Asencio, Maria del Carmen"]
[Result "0-1"]
[WhiteElo "1679"]
[BlackElo "1634"]
[PlyCount "60"]
[EventDate "2009.08.31"]

1. e4 c5 2. c3 g6 3. d4 cxd4 4. cxd4 d5 5. e5 Bg7 6. h3 f6 7. f4 Nh6 8. g4 fxe5
9. fxe5 e6 10. Nf3 O-O 11. Bd3 Nc6 12. Nc3 Nb4 13. Bb1 b6 14. a3 Nc6 15. O-O
Ba6 16. Rf2 Rc8 17. Bg5 Qd7 18. h4 Qf7 19. Bxh6 Bxh6 20. g5 Qf4 21. gxh6 Qg3+
22. Rg2 Qxf3 23. Qc2 Qf1+ 24. Kh2 Qf4+ 25. Kh3 Bf1 26. Qd1 Bxg2+ 27. Kxg2 Qf2+
28. Kh1 Qxh4+ 29. Kg1 Qg3+ 30. Kh1 Rf4 0-1

[Event "C.to Europeo U16 femminile"]
[Site "Fermo ITA"]
[Date "2009.09.07"]
[Round "7"]
[White "Haitovich, Avital"]
[Black "Forsa, Elise"]
[Result "1-0"]
[WhiteElo "1890"]
[BlackElo "1728"]
[PlyCount "39"]
[EventDate "2009.08.31"]

1. e4 c5 2. c3 a6 3. Nf3 e6 4. Bd3 b5 5. O-O Bb7 6. Bc2 Qc7 7. Re1 d6 8. d4 Nd7
9. a4 Rc8 10. axb5 axb5 11. d5 exd5 12. exd5+ Be7 13. Na3 Ngf6 14. Nxb5 Qb6 15.
Qe2 Ng8 16. c4 h6 17. Bd2 Ra8 18. Rxa8+ Bxa8 19. Ra1 Qb8 20. Rxa8 1-0

[Event "C.to Europeo U16 femminile"]
[Site "Fermo ITA"]
[Date "2009.09.07"]
[Round "7"]
[White "Hohluka, Arina"]
[Black "Messina, Roberta"]
[Result "1/2-1/2"]
[WhiteElo "1654"]
[BlackElo "1900"]
[PlyCount "39"]
[EventDate "2009.08.31"]

1. d4 Nf6 2. Nf3 b6 3. Bf4 Bb7 4. e3 e6 5. h3 d6 6. Bd3 Nbd7 7. O-O Be7 8. Bh2
O-O 9. c4 Ne4 10. Bxe4 Bxe4 11. Nc3 Bb7 12. Rc1 c5 13. a3 cxd4 14. exd4 Nf6 15.
Re1 Rc8 16. Nb1 Qd7 17. b3 b5 18. Nbd2 Ba6 19. Re3 Rfd8 20. Rec3 1/2-1/2

[Event "C.to Europeo U16 femminile"]
[Site "Fermo ITA"]
[Date "2009.09.07"]
[Round "7"]
[White "Johannsdottir, Johanna Bjorg"]
[Black "Khalafova, Narmin Ilgar Qizi"]
[Result "0-1"]
[WhiteElo "1721"]
[BlackElo "1901"]
[PlyCount "66"]
[EventDate "2009.08.31"]

1. e4 c5 2. c3 Nf6 3. e5 Nd5 4. d4 cxd4 5. Nf3 Nc6 6. cxd4 d6 7. Bc4 Nb6 8. Bb5
dxe5 9. Nxe5 Bd7 10. Nxd7 Qxd7 11. Nc3 Rd8 12. Be3 a6 13. Bxc6 Qxc6 14. O-O e6
15. Qg4 f5 16. Qg5 Qd7 17. Rfe1 Kf7 18. Rad1 Be7 19. Qh5+ g6 20. Qf3 Nd5 21.
Ne4 Nxe3 22. fxe3 Rhe8 23. Rc1 Rc8 24. Qf4 Kg8 25. Ng5 Bxg5 26. Qxg5 e5 27.
Rcd1 exd4 28. Rd2 d3 29. Red1 Rcd8 30. Rc1 Qe6 31. Kf2 f4 32. Re1 Rd5 33. Qh6
fxe3+ 0-1

[Event "C.to Europeo U16 femminile"]
[Site "Fermo ITA"]
[Date "2009.09.07"]
[Round "7"]
[White "Kantor, Reka"]
[Black "Salido Polo, Veronica"]
[Result "1-0"]
[WhiteElo "1941"]
[BlackElo "1880"]
[PlyCount "69"]
[EventDate "2009.08.31"]

1. e4 c5 2. Nf3 d6 3. d4 cxd4 4. Nxd4 Nf6 5. f3 g6 6. c4 Bg7 7. Be3 Nc6 8. Qd2
O-O 9. Nc3 Bd7 10. Be2 Qc8 11. O-O Nh5 12. Ndb5 f5 13. exf5 gxf5 14. Nd5 Qd8
15. Rad1 Rf7 16. c5 Bf8 17. cxd6 exd6 18. Bg5 Qc8 19. Ndc7 Ne5 20. f4 Bxb5 21.
Nxb5 Qc5+ 22. Qd4 Ng4 23. Qxc5 dxc5 24. Bc4 Ne3 25. Bxf7+ Kxf7 26. Rd7+ Kg8 27.
Re1 Nc2 28. Re5 Ng7 29. Be7 c4 30. Nc7 Rc8 31. Bxf8 Rxf8 32. Ree7 Nh5 33. Rxh7
Rd8 34. Ne6 Rxd7 35. Rxd7 1-0

[Event "C.to Europeo U16 femminile"]
[Site "Fermo ITA"]
[Date "2009.09.07"]
[Round "7"]
[White "Kolaric, Spela"]
[Black "Zakoscielna, Kinga"]
[Result "1-0"]
[WhiteElo "1914"]
[BlackElo "2089"]
[PlyCount "83"]
[EventDate "2009.08.31"]

1. e4 c5 2. Nf3 Nc6 3. Bb5 g6 4. Bxc6 dxc6 5. d3 Bg7 6. h3 e5 7. O-O Ne7 8. Be3
b6 9. Qd2 h6 10. Nc3 f5 11. exf5 Nxf5 12. Rae1 O-O 13. Ne4 Be6 14. Ng3 Kh7 15.
Qe2 Bd5 16. Bd2 Bxf3 17. Qxf3 Nd4 18. Qd1 Qc7 19. Bc3 Ne6 20. Qg4 Rae8 21. Qe4
Nf4 22. Bd2 Rd8 23. Bc3 Rd5 24. Ne2 Nh5 25. Ng3 Nf4 26. Ne2 Ne6 27. f4 Nd4 28.
Nxd4 cxd4 29. Bd2 Qd7 30. Rf3 Rc5 31. Bb4 Rf5 32. Bxc5 bxc5 33. g4 Rxf4 34.
Rxf4 exf4 35. Qxf4 c4 36. Qe4 cxd3 37. cxd3 c5 38. b3 a5 39. Qe6 Qc7 40. Kg2
Qb7+ 41. Qe4 Qb4 42. h4 1-0

[Event "C.to Europeo U16 femminile"]
[Site "Fermo ITA"]
[Date "2009.09.07"]
[Round "7"]
[White "Kolomaznikova, Barbora"]
[Black "Neuhauser, Salome"]
[Result "1-0"]
[WhiteElo "1864"]
[BlackElo "2021"]
[PlyCount "135"]
[EventDate "2009.08.31"]

1. e4 c5 2. Nc3 Nc6 3. g3 g6 4. Bg2 Bg7 5. d3 d6 6. f4 Nf6 7. Nf3 Bg4 8. h3
Bxf3 9. Bxf3 O-O 10. O-O Rb8 11. Be3 Nd7 12. f5 b5 13. Qd2 Nd4 14. Bg2 b4 15.
Nd1 a5 16. c3 Nb5 17. Bh6 Ne5 18. Bxg7 Kxg7 19. Ne3 f6 20. h4 Qd7 21. Bh3 Qb7
22. Rae1 bxc3 23. bxc3 Na3 24. d4 Nec4 25. Nxc4 Nxc4 26. Qe2 Na3 27. Rf2 Qb6
28. Rd1 cxd4 29. cxd4 Rb7 30. e5 dxe5 31. dxe5 Rc8 32. exf6+ exf6 33. Rd2 Rc1+
34. Kh2 Nc4 35. Rc2 Rxc2 36. Qxc2 Qc5 37. Qe2 Rb2 38. Qxb2 Nxb2 39. Rxb2 Qa3
40. Rf2 Qe3 41. Kg2 Qe4+ 42. Kh2 a4 43. Kg1 Kf7 44. Kh2 Qe3 45. Kg2 g5 46. hxg5
fxg5 47. Bg4 Qd4 48. Bf3 g4 49. Bc6 Qc4 50. Bb7 Kf6 51. Ba8 h5 52. Bb7 Ke5 53.
f6 Qf7 54. Bc6 a3 55. Ba8 Kd4 56. Bc6 Ke3 57. Ba8 Kd4 58. Bc6 Kc5 59. Be4 Kd6
60. Ba8 Kd7 61. Be4 Ke8 62. Bc6+ Kf8 63. Be4 Qe6 64. Bb7 Kf7 65. Ba8 Qd6 66.
Be4 Qd4 67. Bc2 Qc4 68. Bb3 1-0

[Event "C.to Europeo U16 femminile"]
[Site "Fermo ITA"]
[Date "2009.09.07"]
[Round "7"]
[White "Meireles, Ana"]
[Black "Monteiro Da Silva, Joana Filipa"]
[Result "1-0"]
[WhiteElo "1611"]
[BlackElo "1458"]
[PlyCount "51"]
[EventDate "2009.08.31"]

1. e4 d6 2. d4 Nf6 3. Nc3 g6 4. f4 Bg7 5. a3 O-O 6. Nf3 c6 7. Be2 Qc7 8. O-O
Nbd7 9. Kh1 c5 10. d5 a6 11. a4 b6 12. Bc4 Nh5 13. Qe1 Bb7 14. Bd2 Rae8 15. Qh4
e6 16. dxe6 fxe6 17. f5 Bf6 18. Qg4 d5 19. exd5 Bxc3 20. dxe6 Ndf6 21. e7+ Rf7
22. Bxf7+ Kxf7 23. Qc4+ Bd5 24. Qxc3 Ne4 25. fxg6+ Kxg6 26. Nh4# 1-0

[Event "C.to Europeo U16 femminile"]
[Site "Fermo ITA"]
[Date "2009.09.07"]
[Round "7"]
[White "Meseljyan, Astghik"]
[Black "Bogdan, Ekaterina"]
[Result "0-1"]
[WhiteElo "1774"]
[BlackElo "1943"]
[PlyCount "62"]
[EventDate "2009.08.31"]

1. e4 e5 2. Nf3 Nf6 3. d4 Nxe4 4. Bd3 d5 5. Nxe5 Nd7 6. O-O Nxe5 7. dxe5 Nc5 8.
Be3 Nxd3 9. Qxd3 Be7 10. f4 g6 11. Nc3 c6 12. Ne2 Bf5 13. Qd2 Qd7 14. Ng3 O-O
15. Nxf5 Qxf5 16. Qe2 Qe4 17. Qf2 f6 18. Rae1 fxe5 19. Bc5 Bxc5 20. Qxc5 Qd4+
21. Qxd4 exd4 22. Re7 Rf7 23. Rfe1 Raf8 24. Rxf7 Kxf7 25. Rd1 c5 26. b4 b6 27.
bxc5 bxc5 28. c3 Rb8 29. cxd4 c4 30. h3 Rb2 31. a4 Ra2 0-1

[Event "C.to Europeo U16 femminile"]
[Site "Fermo ITA"]
[Date "2009.09.07"]
[Round "7"]
[White "Narva, Triin"]
[Black "Fur, Katinka"]
[Result "1-0"]
[WhiteElo "1865"]
[BlackElo "1925"]
[PlyCount "117"]
[EventDate "2009.08.31"]

1. e4 e6 2. d4 d5 3. Nd2 Nf6 4. e5 Nfd7 5. Bd3 c5 6. c3 Nc6 7. Ngf3 Qb6 8. O-O
cxd4 9. cxd4 Nxd4 10. Nxd4 Qxd4 11. Nf3 Qb6 12. Qa4 Qb4 13. Qc2 h6 14. a3 Qc5
15. Qa4 a6 16. Be3 Qc6 17. Qg4 b5 18. Qh5 Be7 19. Nd4 Qc7 20. Nxe6 Qxe5 21.
Qxe5 Nxe5 22. Bxb5+ axb5 23. Nc7+ Kd7 24. Nxa8 Nc4 25. Nb6+ Nxb6 26. Bxb6 Bf6
27. Rfd1 Bxb2 28. Ra2 Bf6 29. Rc2 Kd6 30. Bc5+ Kc6 31. Be7+ Kb6 32. Bxf6 gxf6
33. Rxd5 Re8 34. h3 Be6 35. Rh5 Rh8 36. Rb2 f5 37. a4 Ka5 38. axb5 Kb6 39. Rh4
Bd5 40. Rf4 Rg8 41. f3 Be6 42. Ra4 Rc8 43. Ra6+ Kb7 44. Rd6 Rc1+ 45. Kh2 Ra1
46. b6 Ra6 47. Kg3 Ra4 48. Rd8 f4+ 49. Kh4 Bf5 50. Rd6 Be6 51. Kh5 Ra8 52. Kxh6
Rh8+ 53. Kg5 Rg8+ 54. Kxf4 Rg6 55. Rc2 Rg8 56. Rc7+ Kb8 57. h4 Rf8 58. h5 Rh8
59. h6 1-0

[Event "C.to Europeo U16 femminile"]
[Site "Fermo ITA"]
[Date "2009.09.07"]
[Round "7"]
[White "Pavlidou, Ekaterini"]
[Black "Kessler, Michaela"]
[Result "0-1"]
[WhiteElo "2179"]
[BlackElo "1913"]
[PlyCount "94"]
[EventDate "2009.08.31"]

1. d4 Nf6 2. c4 e6 3. Nc3 Bb4 4. Qc2 O-O 5. a3 Bxc3+ 6. Qxc3 Ne4 7. Qc2 f5 8.
e3 b6 9. Bd3 Bb7 10. Nf3 d6 11. O-O Nd7 12. Ne1 Qh4 13. f3 Ng5 14. b4 Rf6 15.
Bb2 Rh6 16. g3 Qh5 17. Qe2 Nh3+ 18. Kh1 Nf6 19. Rd1 Ng4 20. d5 exd5 21. cxd5
Bxd5 22. Bc4 Nhf2+ 23. Rxf2 Nxf2+ 24. Qxf2 Bxc4 25. Rd4 Qf7 26. Qc2 Be6 27. Qc3
Re8 28. Ng2 Bc8 29. Rf4 Re7 30. e4 Qa2 31. h4 fxe4 32. fxe4 Qe6 33. Qc6 Qh3+
34. Kg1 Qxg3 35. Qd5+ Rhe6 36. Qf5 Qxg2+ 37. Kxg2 Rg6+ 38. Qxg6 hxg6 39. Kf3 c5
40. bxc5 bxc5 41. Ke3 d5 42. e5 d4+ 43. Kd2 Rxe5 44. Rf3 Rd5 45. Rb3 c4 46. Rb8
c3+ 47. Kd3 Rd8 0-1

[Event "C.to Europeo U16 femminile"]
[Site "Fermo ITA"]
[Date "2009.09.07"]
[Round "7"]
[White "Petrova, Irina"]
[Black "Palmitessa, Chiara"]
[Result "1-0"]
[WhiteElo "1987"]
[BlackElo "1807"]
[PlyCount "119"]
[EventDate "2009.08.31"]

1. d4 Nf6 2. c4 e6 3. Nc3 d5 4. cxd5 exd5 5. Bg5 c6 6. Qc2 Be7 7. e3 O-O 8. Bd3
Nbd7 9. Nf3 Re8 10. O-O Nf8 11. Bxf6 Bxf6 12. b4 a6 13. Rfc1 Bg4 14. Nd2 Bh5
15. Rab1 Bg6 16. Na4 Be7 17. Nc5 Bxc5 18. bxc5 Re7 19. Rb6 Qc8 20. Rcb1 Bxd3
21. Qxd3 Ng6 22. Nb3 Nh4 23. Na5 Qg4 24. Qf1 Nf3+ 25. Kh1 Nd2 26. Qd1 Ne4 27.
Qxg4 Nxf2+ 28. Kg1 Nxg4 29. Rxb7 Rxb7 30. Rxb7 Nxe3 31. Nxc6 Kf8 32. Ne7 Nc4
33. Nxd5 Rd8 34. Nb6 Rxd4 35. c6 Nxb6 36. Rxb6 Rc4 37. Rxa6 h5 38. Kf2 g6 39.
Ke3 Ke7 40. Ra7+ Ke6 41. c7 Kd6 42. a4 f6 43. a5 Kd7 44. h3 Rc6 45. a6 Rb6 46.
Kd4 Kc8 47. Kc5 Re6 48. Kd5 Rb6 49. Ra8+ Kxc7 50. a7 Rb5+ 51. Kc4 Ra5 52. Re8
Ra4+ 53. Kd5 Ra5+ 54. Ke6 Re5+ 55. Kf7 Rxe8 56. Kxe8 Kb7 57. Kf7 g5 58. Kxf6 g4
59. h4 Kxa7 60. Kg5 1-0

[Event "C.to Europeo U16 femminile"]
[Site "Fermo ITA"]
[Date "2009.09.07"]
[Round "7"]
[White "Schulz, Anja"]
[Black "Edes, Zsofia"]
[Result "1/2-1/2"]
[WhiteElo "1987"]
[BlackElo "1924"]
[PlyCount "108"]
[EventDate "2009.08.31"]

1. e4 c5 2. Nf3 d6 3. d4 cxd4 4. Nxd4 Nf6 5. Nc3 a6 6. Bg5 e6 7. f4 Nbd7 8. Qf3
Qc7 9. O-O-O b5 10. Bd3 Qb6 11. Rhe1 b4 12. Na4 Qa5 13. b3 Bb7 14. Kb1 Be7 15.
Qg3 h6 16. Bh4 O-O 17. Nb2 Qc5 18. Na4 Qxd4 19. e5 Kh8 20. exf6 Nxf6 21. Be4
Nxe4 22. Rxd4 Nxg3 23. Bxe7 Rfe8 24. hxg3 Rxe7 25. Rxb4 Bxg2 26. Rb6 d5 27. Nc5
a5 28. Kb2 Rc7 29. Na4 Be4 30. c4 Bf3 31. c5 Rd7 32. Rb5 Ra6 33. Rb8+ Kh7 34.
Nb6 Rc7 35. Rc1 Kg6 36. a3 Be2 37. b4 axb4 38. axb4 Rca7 39. Kc3 Ra2 40. Kd4
Bb5 41. Ke5 Rb2 42. c6 Bxc6 43. Rxc6 Rxb4 44. f5+ Kg5 45. fxe6 Re4+ 46. Kxd5
Rxe6 47. Rxe6 fxe6+ 48. Kxe6 Kg4 49. Nd5 Kxg3 50. Kf5 g5 51. Kg6 Ra6+ 52. Kh5
Rd6 53. Rb3+ Kg2 54. Ne3+ Kf3 1/2-1/2